[Event "ch-Moscow Superfinal 2014"]
[Site "Moscow RUS"]
[Date "2014.01.30"]
[Round "1.3"]
[White "Morozevich,A"]
[Black "Potkin,V"]
[Result "1-0"]
[WhiteElo "2722"]
[BlackElo "2625"]

1.e4 c5 2.b3 e6 3.Bb2 a6 4.g3 d5 5.Bg2 Nf6 6.e5 Nfd7 7.c4 dxc4 8.bxc4 Be7
9.f4 O-O 10.Nc3 Nc6 11.Bxc6 bxc6 12.Nf3 Rb8 13.Rb1 f5 14.O-O Qc7 15.d3 Nb6
16.Ba3 Bd7 17.Qe2 Rfd8 18.Nd2 Be8 19.Nb3 Nd7 20.Qe3 Rb4 21.g4 Bg6 22.gxf5 Bxf5
23.Bxb4 cxb4 24.Ne4 c5 25.Rbd1 a5 26.d4 cxd4 27.Nxd4 Qxc4 28.Nxf5 exf5 29.Nd6 Qe6
30.Qb3 Nc5 31.Qxe6+ Nxe6 32.Nxf5 Bc5+ 33.Kg2 Rf8 34.Nd6 Nxf4+ 35.Kh1 g5 36.Ne4 Be7
37.Rd7 Ng6 38.Nf6+ Kh8 39.Ra7 a4 40.Rb1 b3 41.axb3 a3 42.b4 Bxf6 43.exf6 Rxf6
44.b5 Rb6 45.Rxa3 Ne5 46.Ra6  1-0

[Event "ch-Moscow Superfinal 2014"]
[Site "Moscow RUS"]
[Date "2014.01.30"]
[Round "2.4"]
[White "Gordievsky,D"]
[Black "Morozevich,A"]
[Result "0-1"]
[WhiteElo "2451"]
[BlackElo "2722"]

1.Nf3 g6 2.c4 Bg7 3.Nc3 Nf6 4.e4 d6 5.d4 O-O 6.h3 e5 7.d5 a5 8.Be3 Na6 9.g4 Nc5
10.Nd2 c6 11.a3 a4 12.Qc2 Qa5 13.O-O-O Bd7 14.Kb1 cxd5 15.cxd5 b5 16.f4 exf4
17.Bxc5 dxc5 18.e5 Ne8 19.Re1 Nc7 20.Bg2 b4 21.Nc4 Qa7 22.Ne4 bxa3 23.Nxa3 Nxd5
24.Qxc5 Ne3 25.Bf3 Rfb8 26.Qd6 Rb6 27.Qd4 Rab8 28.Ka1 Be6 29.Nc5 Rxb2 30.Nxe6 Qe7
31.Rxe3 fxe3 32.Nc4 Qxe6 33.Bd5 Qe7 34.Bxf7+ Kh8 35.Re1 R2b3  0-1

[Event "ch-Moscow Superfinal 2014"]
[Site "Moscow RUS"]
[Date "2014.01.30"]
[Round "3.2"]
[White "Morozevich,A"]
[Black "Grischuk,A"]
[Result "0-1"]
[WhiteElo "2722"]
[BlackElo "2777"]

1.d4 Nf6 2.Nf3 g6 3.Nbd2 Bg7 4.e4 d6 5.Bd3 O-O 6.O-O Nbd7 7.Re1 e5 8.c3 Re8
9.a4 d5 10.dxe5 Nxe5 11.Nxe5 Rxe5 12.f4 Re8 13.e5 Nd7 14.Nb3 f6 15.e6 Nf8
16.f5 gxf5 17.Nd4 Bxe6 18.Bf4 c6 19.Qb3 Qb6 20.Qxb6 axb6 21.Bc7 Bf7 22.Rxe8 Rxe8
23.Bxf5 Ne6 24.Bxb6 Nxd4 25.Bxd4 Bg6 26.Bd7 Re2 27.a5 Be4 28.Bxc6 Rxg2+ 29.Kf1 Rxb2
30.c4 Rb4 31.Bb6 f5 32.a6 bxa6 33.Rxa6 dxc4 34.Ra8+ Kf7 35.Ra7+ Ke6 36.Bd7+ Kd6
37.Bc7+ Kxd7 38.Be5+ Rb7 39.Rxb7+ Bxb7 40.Bxg7 f4 41.Be5 f3 42.Kf2 Ke6 43.Bb2 Kf5
44.Ke3 Bd5 45.Bc3 Ke6 46.Be1 Kd6 47.Kd4 Kc6 48.Bf2 Kb5 49.Be1 Ka4 50.Kc3 Ka3
51.h4 h5 52.Bg3 Ka2 53.Kc2 Be4+ 54.Kc3 Bd3 55.Kd2 Kb3 56.Ke3 Be2 57.Kd2 c3+
58.Ke1 c2  0-1

[Event "ch-Moscow Superfinal 2014"]
[Site "Moscow RUS"]
[Date "2014.01.30"]
[Round "4.5"]
[White "Grachev,B"]
[Black "Morozevich,A"]
[Result "1-0"]
[WhiteElo "2668"]
[BlackElo "2722"]

1.d4 Nf6 2.Nf3 d6 3.g3 g6 4.Bg2 Bg7 5.O-O O-O 6.c4 Nc6 7.Nc3 a6 8.h3 Rb8
9.e4 b5 10.d5 b4 11.Ne2 Na5 12.Qc2 c6 13.Nfd4 c5 14.Nb3 e6 15.Bf4 Nxb3 16.axb3 exd5
17.cxd5 Re8 18.Rfe1 h5 19.Kh2 h4 20.g4 Rb7 21.Kh1 Rbe7 22.Bg5 Nxe4 23.Bxe7 Nxf2+
24.Kg1 Qxe7 25.Nf4 Qd8 26.Kxf2 Bd4+ 27.Kf1 Bd7 28.Bf3 Qf6 29.Rxe8+ Bxe8 30.Qe4 Bb5+
31.Kg2 Be5 32.Ne2 Qg5 33.Rd1 a5 34.Qc2 Qe3 35.Ra1 Bxe2 36.Qxe2 Qxb3 37.Rxa5 Kg7
38.Ra7 c4 39.Rc7 c3 40.bxc3 bxc3 41.Be4 Qb6 42.Rc6 Qd4 43.Rc4 Qb6 44.Qf2 Qa5
45.g5 Qd8 46.Qxh4 Qb8 47.Bc2 Qb7 48.Qe4 Kf8 49.h4 Qa6 50.Qd3 Qb7 51.Re4 Qc8
52.Qf3 Qc5 53.Re2 Qd4 54.Bxg6 f6 55.Be4 Ke7 56.g6 f5 57.Qxf5 Kd8 58.h5 Qd1
59.Qf1  1-0

[Event "ch-Moscow Superfinal 2014"]
[Site "Moscow RUS"]
[Date "2014.01.30"]
[Round "5.1"]
[White "Morozevich,A"]
[Black "Eliseev,U"]
[Result "1/2-1/2"]
[WhiteElo "2722"]
[BlackElo "2549"]

1.e4 c5 2.b3 Nc6 3.Bb2 d6 4.Bb5 Bd7 5.f4 Nf6 6.Qe2 e6 7.Nf3 Be7 8.e5 Nd5
9.Qe4 f5 10.exf6 Bxf6 11.Nc3 O-O 12.O-O-O Kh8 13.Bd3 g6 14.h4 Bg7 15.Nxd5 Bxb2+
16.Kxb2 exd5 17.Qxd5 Qf6+ 18.Kb1 Nb4 19.Qc4 Qxf4 20.Qc3+ Qf6 21.h5 gxh5 22.Rxh5 Nxd3
23.Qxd3 Bf5 24.Qc3 Bg6 25.Rd5 Kg8 26.Re1 Rae8 27.Rxe8 Bxe8 28.Qc4 Kh8 29.Qg4 Rg8
30.Qh3 Bc6 31.Rf5 Qe7 32.g4 Bd7 33.Rf4 Qg7 34.Nh2 Rf8 35.Qf3 Rxf4 36.Qxf4 Qe7
37.Nf3 Kg7 38.g5 Bc6 39.Nh4 Bd7 40.d4 b6 41.Kb2 Qe6 42.Ng2 cxd4 43.Qxd4+  1/2-1/2

[Event "ch-Moscow Superfinal 2014"]
[Site "Moscow RUS"]
[Date "2014.01.31"]
[Round "6.5"]
[White "Morozevich,A"]
[Black "Nepomniachtchi,I"]
[Result "1-0"]
[WhiteElo "2722"]
[BlackElo "2732"]

1.e4 c5 2.b3 g6 3.Bb2 Nf6 4.Nc3 Nc6 5.Bb5 Nd4 6.e5 Nh5 7.Nge2 Bg7 8.g4 Bxe5
9.Nxd4 cxd4 10.gxh5 dxc3 11.Bxc3 Qc7 12.Bxe5 Qxe5+ 13.Be2 d5 14.d4 Qe4 15.Rg1 Bf5
16.c3 O-O-O 17.Qd2 Qh4 18.Qe3 Qxh2 19.O-O-O Qd6 20.Kb2 e6 21.f4 Kb8 22.h6 Rd7
23.Bf3 Rc8 24.Rc1 Rdc7 25.a4 Rc6 26.Qe5 Qxe5 27.fxe5 R6c7 28.Be2 Rf8 29.c4 dxc4
30.Bxc4 f6 31.Rce1 Rd7 32.Kc3 Kc7 33.Rg3 fxe5 34.Rxe5 Rf6 35.a5 Rd6 36.Rc5+ Kd8
37.Rb5 Rf7 38.Re5 Ke7 39.Rc5 Rd8 40.d5 Kf6 41.dxe6 Re7 42.Rf3 Kg5 43.Bd3 Rf8
44.Re5 Kxh6 45.Bxf5 Rxf5 46.Rfxf5 gxf5 47.Kd4 Kg6 48.Kd5 Kf6 49.Kd6 h5 50.Rxf5+ Kxf5
51.Kxe7 h4 52.Kd6 h3 53.e7 h2 54.e8=Q h1=Q 55.Qe6+ Kf4 56.Qe5+ Kg4 57.Qd4+ Kg3
58.Qd5 Qh7 59.b4 a6 60.Qe5+ Kg2 61.Qe7 Qh2+ 62.Kd7 Qb8 63.Qd6 Qa7 64.Kc8 Kh3
65.Qd7+ Kh2 66.Qxb7 Qd4 67.Qb6  1-0

[Event "ch-Moscow Superfinal 2014"]
[Site "Moscow RUS"]
[Date "2014.01.31"]
[Round "7.2"]
[White "Najer,E"]
[Black "Morozevich,A"]
[Result "1-0"]
[WhiteElo "2646"]
[BlackElo "2722"]

1.e4 c5 2.Nf3 e6 3.d4 cxd4 4.Nxd4 Nc6 5.Nc3 d6 6.Be3 Nf6 7.f4 Be7 8.Qf3 e5
9.Nxc6 bxc6 10.fxe5 dxe5 11.Bc4 O-O 12.O-O Ng4 13.Rad1 Nxe3 14.Rxd8 Bxd8
15.Bxf7+ Kh8 16.Rf2 Ng4 17.Rf1 Nh6 18.Qh5 Bg4 19.Qxe5 Bb6+ 20.Kh1 Nxf7 21.Qe7 Kg8
22.h3 Bh5 23.Na4 Bd4 24.c3 Bf6 25.Rxf6 gxf6 26.Qxf6 Rad8 27.Nc5 Rd1+ 28.Kh2 Nd8
29.Qe7 Re8 30.Qf6 Bg6 31.h4 Rf8 32.Qe7 Re8 33.Qg5 Nf7 34.Qg4 Rd2 35.h5 Ne5
36.Qf4 Rf2 37.Qg3 Rxb2 38.a4 Kg7 39.hxg6 hxg6 40.Qf4 Rf2 41.Qc1 Rf6 42.Qd1 Re7
43.Qd4 a5 44.Kg3 Kf7 45.Nb7 Rxb7 46.Qxe5 Re7 47.Qxa5 Rxe4 48.Qb6 Rff4 49.Qc7+ Ke6
50.Qxf4  1-0

[Event "ch-Moscow Superfinal 2014"]
[Site "Moscow RUS"]
[Date "2014.01.31"]
[Round "8.4"]
[White "Morozevich,A"]
[Black "Popov,Iv RUS"]
[Result "1-0"]
[WhiteElo "2722"]
[BlackElo "2650"]

1.e4 c6 2.d4 d5 3.e5 c5 4.dxc5 e6 5.a3 Bxc5 6.Qg4 Bf8 7.Nf3 Nc6 8.Bd3 h5
9.Qg3 h4 10.Qf4 g6 11.O-O Qc7 12.Nc3 a6 13.Re1 Bg7 14.b4 Rh5 15.Bb2 Bh6 16.Qg4 Bg7
17.b5 Nce7 18.Ne2 Nh6 19.Qb4 Nhf5 20.Nf4 Rh8 21.a4 a5 22.Qb3 b6 23.c4 Bb7
24.Rac1 Qd8 25.c5 Bh6 26.c6 Bxf4 27.cxb7 Rb8 28.Rc6 Rxb7 29.Bxf5 gxf5 30.Rd6 Rd7
31.Bd4 Nc8 32.Rc6 Rc7 33.Rxb6 Rc4 34.Rc6 Kf8 35.Rxc4 dxc4 36.Qxc4 Kg7 37.b6 Bh6
38.b7 Nb6 39.Qb5 Nd5 40.Ba7 Nc3 41.Qc4  1-0

[Event "ch-Moscow Superfinal 2014"]
[Site "Moscow RUS"]
[Date "2014.01.31"]
[Round "9.3"]
[White "Vavulin,M"]
[Black "Morozevich,A"]
[Result "0-1"]
[WhiteElo "2390"]
[BlackElo "2722"]

1.e4 e6 2.d4 d5 3.Nd2 c5 4.Ngf3 cxd4 5.exd5 Qxd5 6.Bc4 Qd8 7.O-O a6 8.Nb3 Qc7
9.Qxd4 Nc6 10.Qf4 Bd6 11.Qg4 Ne5 12.Nxe5 Bxe5 13.h3 Nf6 14.Qe2 b5 15.Bd3 Bb7
16.Re1 Qc6 17.Qf1 Bc7 18.Bd2 Qd6 19.f4 O-O 20.a3 Rfd8 21.Kh2 Bd5 22.Nc1 Ne4
23.Be3 e5 24.g3 Nxg3 25.Kxg3 Qh6 26.fxe5 Bxe5+ 27.Kf2 Qh4+ 28.Ke2 Bxb2 29.Rb1 Bc3
30.Rb4 Bc4 31.Qf2 Qh5+ 32.Kf1 Qxh3+ 33.Kg1 Bxe1 34.Qxe1 Re8 35.Kf2 Re6 36.Bxc4 bxc4
37.Rxc4 Rae8  0-1

[Event "21st TCh-RUS 2014"]
[Site "Loo RUS"]
[Date "2014.04.07"]
[Round "1.4"]
[White "Morozevich,A"]
[Black "Chekhov,S"]
[Result "1-0"]
[WhiteElo "2722"]
[BlackElo "2477"]

1.g3 Nf6 2.Bg2 g6 3.c4 Bg7 4.Nc3 O-O 5.d4 d6 6.Nf3 Nc6 7.O-O Bf5 8.h3 Ne4
9.Nd5 Nf6 10.Bg5 h6 11.Bxf6 exf6 12.Ne1 Re8 13.e3 Be4 14.Bxe4 Rxe4 15.b4 f5
16.b5 Ne7 17.Nc3 Re6 18.Nd3 g5 19.Qf3 c6 20.Rfc1 Qa5 21.Rab1 Rc8 22.bxc6 bxc6
23.Rb4 f4 24.exf4 Bxd4 25.Ra4 Qd8 26.f5 Rf6 27.g4 Bxc3 28.Rxc3 c5 29.Ra6 Qc7
30.Rb3 Nc6 31.Qe4 Kg7 32.Rb2 Na5 33.Qd5 Nc6 34.a3 Na5 35.f4 Nc6 36.Nf2 Ne7
37.Qf3 Rb8 38.Qc3 Rxb2 39.Qxb2 Nc6 40.Rxc6 Qxc6 41.fxg5 hxg5 42.h4 gxh4 43.g5 d5
44.cxd5 Qxd5 45.Qxf6+ Kg8 46.g6 Qc4 47.Qxf7+ Qxf7 48.gxf7+ Kxf7 49.Ne4 c4
50.Kg2 a6 51.Kh3 c3 52.Nxc3 Kf6 53.Kg4 Ke5 54.Ne4 Kd5  1-0

[Event "21st TCh-RUS 2014"]
[Site "Loo RUS"]
[Date "2014.04.08"]
[Round "2.1"]
[White "Morozevich,A"]
[Black "Grischuk,A"]
[Result "0-1"]
[WhiteElo "2722"]
[BlackElo "2777"]

1.d4 Nf6 2.Nf3 g6 3.Bf4 Bg7 4.e3 d6 5.h3 O-O 6.Be2 c5 7.c3 Qb6 8.Qb3 Be6
9.Qxb6 axb6 10.a3 Bd5 11.O-O Bc6 12.Nbd2 Nbd7 13.Rfe1 Rfd8 14.Bh2 b5 15.Bf1 e5
16.e4 exd4 17.cxd4 d5 18.e5 Ne4 19.dxc5 Ndxc5 20.Rac1 Nxd2 21.Nxd2 Ne6 22.Bg3 Bf8
23.Red1 b4 24.axb4 Bxb4 25.Nf3 Ba4 26.Rd3 Rac8 27.Rxc8 Rxc8 28.b3 Bc6 29.Rd1 Ra8
30.Ne1 Ra3 31.Nc2 Rxb3 32.Nxb4 Rxb4 33.f3 Rb2 34.h4 h6 35.Bf2 Ba4 36.Rxd5 Rb1
37.Be3 Bb3 38.Rd2 Bc4 39.Rf2 b5 40.g4 b4 41.Kg2 Bxf1+ 42.Rxf1 Rxf1 43.Kxf1 b3
44.Bc1 Nf4 45.Ke1 Nd3+ 46.Kd2 b2 47.Bxb2 Nxb2 48.Kc3 Na4+ 49.Kd4 Kf8 50.f4 Ke7
51.f5 gxf5 52.gxf5 f6 53.Ke4 Nc5+ 54.Kf4 h5  0-1

[Event "21st TCh-RUS 2014"]
[Site "Loo RUS"]
[Date "2014.04.09"]
[Round "3.4"]
[White "Shomoev,A"]
[Black "Morozevich,A"]
[Result "1/2-1/2"]
[WhiteElo "2587"]
[BlackElo "2722"]

1.e4 c5 2.Nf3 e6 3.d4 cxd4 4.Nxd4 Nc6 5.Nc3 Qc7 6.Be3 a6 7.Qd2 Nf6 8.O-O-O Be7
9.f3 b5 10.Kb1 Ne5 11.g4 Bb7 12.g5 Nh5 13.Rg1 O-O 14.f4 Nc4 15.Bxc4 Qxc4
16.Nb3 Bb4 17.Qxd7 Bc6 18.Nd2 Qxc3 19.bxc3 Bxd7 20.cxb4 Bc6 21.Kb2 f6 22.f5 Rae8
23.Bc5 Rf7 24.fxe6 Rxe6 25.Nf3 Re8 26.Rd6 Bxe4 27.Re1 Rff8 28.Nd4 Bb7 29.Rde6 Rxe6
30.Rxe6 Rd8 31.Re7 Bd5 32.gxf6 Nxf6 33.Nf5 Bf7 34.Ra7 Rd2 35.Rxa6 h5 36.h4 Kh7
37.Ra7 Kg6 38.Nd6 Bd5 39.Nxb5 Rh2 40.Nd4 Ng4 41.Bf8 Ne5 42.Rxg7+ Kf6 43.Rg3 Kf7
44.Bh6 Nc4+ 45.Kc3 Nd6 46.Rg7+ Kf6 47.b5 Nf7 48.Rxf7+ Kxf7 49.Bg5 Bxa2 50.Kb4 Ke8
51.c4 Rb2+ 52.Kc3 Rg2 53.Nf5 Rg4 54.Ne3 Re4 55.c5 Kd7 56.c6+ Kc7 57.Nf5 Bc4
58.Nd4 Rxd4 59.Kxd4 Bxb5 60.Ke4  1/2-1/2

[Event "21st TCh-RUS 2014"]
[Site "Loo RUS"]
[Date "2014.04.11"]
[Round "5.3"]
[White "Baghdasaryan,V"]
[Black "Morozevich,A"]
[Result "1/2-1/2"]
[WhiteElo "2359"]
[BlackElo "2722"]

1.e4 c5 2.Nf3 e6 3.d4 cxd4 4.Nxd4 a6 5.Nc3 d6 6.g4 Ne7 7.Be3 b5 8.Bg2 Nbc6
9.O-O Nxd4 10.Qxd4 e5 11.Qd2 Bxg4 12.f4 exf4 13.Bxf4 Ng6 14.a4 bxa4 15.Be3 Be7
16.Rxa4 O-O 17.e5 Nxe5 18.Bxa8 Qxa8 19.Nd5 Bd8 20.Qg2 Qc8 21.Qg3 Be6 22.Nf4 Bd7
23.Rd4 Qxc2 24.Rxd6 Bc7 25.Rd2 Qb3 26.Nd5 Nc4 27.Nxc7 Nxd2 28.Bxd2 Qxb2 29.Bc3 Qb6+
30.Rf2 Qb1+ 31.Rf1 Qb6+ 32.Rf2 Qb1+ 33.Rf1 Qb6+ 34.Rf2  1/2-1/2

[Event "21st TCh-RUS 2014"]
[Site "Loo RUS"]
[Date "2014.04.12"]
[Round "6.2"]
[White "Morozevich,A"]
[Black "Alekseev,Evgeny"]
[Result "1-0"]
[WhiteElo "2722"]
[BlackElo "2678"]

1.Nf3 Nf6 2.g3 b6 3.Bg2 Bb7 4.O-O e6 5.c4 Be7 6.d4 O-O 7.Nc3 Ne4 8.Bd2 Bf6
9.Qc2 Nxd2 10.Qxd2 d6 11.e4 Nd7 12.Rad1 g6 13.Rfe1 Bg7 14.d5 e5 15.b4 a5
16.a3 Ba6 17.Nb5 Nf6 18.Bh3 Qe7 19.Ra1 axb4 20.Qxb4 Bxb5 21.cxb5 Bh6 22.Qc4 Ra5
23.a4 Rfa8 24.Re2 Kg7 25.Ne1 Bg5 26.Nd3 h5 27.Rc2 R5a7 28.Rca2 Rh8 29.Nb4 Qe8
30.Nc6 Ra8 31.Rf1 Bh6 32.f4 exf4 33.Re2 Nd7 34.gxf4 Nc5 35.a5 Rxa5 36.Nxa5 bxa5
37.e5 Qd8 38.f5 Qg5+ 39.Kh1 Re8 40.e6 a4 41.Qd4+  1-0

[Event "21st TCh-RUS 2014"]
[Site "Loo RUS"]
[Date "2014.04.13"]
[Round "7.1"]
[White "Vitiugov,N"]
[Black "Morozevich,A"]
[Result "1/2-1/2"]
[WhiteElo "2747"]
[BlackElo "2722"]

1.d4 Nf6 2.c4 e6 3.Nc3 Bb4 4.Qc2 O-O 5.a3 Bxc3+ 6.Qxc3 d5 7.Nf3 dxc4 8.Qxc4 b6
9.Bg5 Ba6 10.Qa4 Qd7 11.Qc2 c5 12.Bxf6 gxf6 13.dxc5 Rc8 14.Qe4 Qb5 15.Qg4+ Kf8
16.Qd4 Kg7 17.e3 Qxc5 18.Qg4+ Kf8 19.Bxa6 Qa5+ 20.b4 Qxa6 21.Qh4 Kg7 22.Qg4+ Kf8
23.Qh4 Kg7 24.Qg4+ Kf8 25.Qh4 Kg7  1/2-1/2

[Event "FIDE World Rapid 2014"]
[Site "Dubai UAE"]
[Date "2014.06.16"]
[Round "1.15"]
[White "Anton Guijarro,D"]
[Black "Morozevich,A"]
[Result "1-0"]
[WhiteElo "2631"]
[BlackElo "2731"]

1.e4 c5 2.Nf3 e6 3.d3 b6 4.Nbd2 Bb7 5.g3 d6 6.Bg2 Be7 7.O-O Nf6 8.Re1 O-O
9.c3 Nc6 10.a3 b5 11.d4 cxd4 12.cxd4 a5 13.b3 d5 14.e5 Nd7 15.Nf1 a4 16.b4 Nb6
17.h4 Nc4 18.N1h2 Bc8 19.Ng4 f5 20.exf6 gxf6 21.Bh6 Rf7 22.Ne3 Nd6 23.Rc1 Bd7
24.Bh3 Rc8 25.Bg4 Bf8 26.Bxf8 Rxf8 27.Ng2 f5 28.Bh3 Nc4 29.Nf4 Qf6 30.Rc3 Rce8
31.Bf1 Kh8 32.Bxc4 dxc4 33.Rce3 Rg8 34.Kh2 Ne7 35.Rxe6 Bxe6 36.Rxe6 Qf8 37.d5 Qg7
38.Qe2 c3 39.d6 c2 40.Qxc2 Ng6 41.Rxe8 Rxe8 42.Nh5 Qa1 43.d7 Rf8 44.Qc7 Qb2
45.Kg2 f4 46.d8=Q fxg3 47.Qd4+  1-0

[Event "FIDE World Rapid 2014"]
[Site "Dubai UAE"]
[Date "2014.06.16"]
[Round "4.29"]
[White "Morozevich,A"]
[Black "Ipatov,Alexander"]
[Result "1-0"]
[WhiteElo "2731"]
[BlackElo "2613"]

1.e4 c5 2.b3 b6 3.Bb2 Bb7 4.Nc3 d6 5.f4 e6 6.Nf3 Nf6 7.Qe2 Nc6 8.O-O-O Nd4
9.Qd3 Nxf3 10.Qxf3 Be7 11.g4 d5 12.Bb5+ Kf8 13.e5 Nd7 14.d4 a6 15.Bxd7 Qxd7
16.f5 Ke8 17.Rhf1 Kd8 18.Na4 Qc7 19.dxc5 bxc5 20.fxe6 fxe6 21.Qf7 Re8 22.Kb1 Bg5
23.Nxc5 Qxc5 24.Qxb7 Ra7 25.Qb8+ Kd7 26.Rf7+ Be7 27.Bd4 Qxd4 28.Qd6+  1-0

[Event "FIDE World Rapid 2014"]
[Site "Dubai UAE"]
[Date "2014.06.17"]
[Round "6.9"]
[White "Morozevich,A"]
[Black "Polgar,Ju"]
[Result "1-0"]
[WhiteElo "2731"]
[BlackElo "2685"]

1.e4 c5 2.b3 b6 3.Bb2 Bb7 4.Nc3 e6 5.f4 Nf6 6.e5 Nd5 7.Qf3 Bc6 8.Qg3 Nb4
9.O-O-O d5 10.exd6 Qxd6 11.Nf3 Nd7 12.d4 Rc8 13.d5 Nxd5 14.Nxd5 exd5 15.Ba6 Rc7
16.Rhe1+ Be7 17.Rxe7+ Kxe7 18.Qg5+ Nf6 19.Qxg7 Qxf4+ 20.Kb1 d4 21.Qxh8 Be4
22.Re1 Ng4 23.Ng5 Ne3 24.Nxe4 Qxe4 25.Bd3 Qf4 26.Bc1  1-0

[Event "FIDE World Rapid 2014"]
[Site "Dubai UAE"]
[Date "2014.06.17"]
[Round "7.3"]
[White "Grischuk,A"]
[Black "Morozevich,A"]
[Result "1/2-1/2"]
[WhiteElo "2792"]
[BlackElo "2731"]

1.c4 e6 2.Nf3 d5 3.d4 Nf6 4.Nc3 dxc4 5.e4 Bb4 6.Bxc4 Nxe4 7.O-O Nxc3 8.bxc3 Be7
9.Ne5 O-O 10.Qg4 Nc6 11.Re1 Bf6 12.Ba3 Be7 13.Nxc6 bxc6 14.Bxe7 Qxe7 15.Re5 a5
16.Qe4 a4 17.Qxc6 Bd7 18.Qf3 Rab8 19.Rae1 Rb2 20.Rc5 Qd6 21.h4 Rfb8 22.g3 h6
23.Qe4 a3 24.Re3 Bb5 25.Bxb5 R2xb5 26.Rc6 Qd7 27.Ra6 Rb1+ 28.Re1 Qd5 29.Rxb1 Qxe4
30.Rxb8+ Kh7 31.Rxa3 Qe1+ 32.Kg2 Qe4+ 33.Kg1 Qe1+ 34.Kg2 Qe4+ 35.Kg1 Qe1+  1/2-1/2

[Event "FIDE World Rapid 2014"]
[Site "Dubai UAE"]
[Date "2014.06.17"]
[Round "9.8"]
[White "Fressinet,L"]
[Black "Morozevich,A"]
[Result "1/2-1/2"]
[WhiteElo "2717"]
[BlackElo "2731"]

1.Nf3 d5 2.g3 Nf6 3.Bg2 Nbd7 4.d4 b5 5.O-O e6 6.b3 Ba6 7.Ne5 Nxe5 8.dxe5 Nd7
9.e4 c6 10.Re1 Be7 11.exd5 cxd5 12.Qg4 Kf8 13.Nd2 h5 14.Qe2 Rc8 15.Nf3 Qc7
16.a4 Qb6 17.axb5 Bxb5 18.Qd2 h4 19.Ba3 Bxa3 20.Rxa3 hxg3 21.hxg3 Qc5 22.Ra5 a6
23.Nd4 Qc7 24.Nxb5 axb5 25.Rxb5 Qxc2 26.Qxc2 Rxc2 27.Rb7 Ke7 28.Ra1 Rb8 29.Rxb8 Nxb8
30.Ra7+ Nd7 31.Bf1 Kd8 32.Ra8+ Rc8 33.Rxc8+ Kxc8 34.f4 f6 35.exf6 Nxf6 36.Bd3 Kc7
37.Kf2 Kd6 38.b4 e5 39.fxe5+ Kxe5 40.Ke3 Ng4+ 41.Kf3 Nf6 42.Ke3 Ng4+ 43.Kf3 Nf6  1/2-1/2

[Event "FIDE World Rapid 2014"]
[Site "Dubai UAE"]
[Date "2014.06.17"]
[Round "10.12"]
[White "Morozevich,A"]
[Black "Onischuk,V"]
[Result "1-0"]
[WhiteElo "2731"]
[BlackElo "2594"]

1.e4 d6 2.d4 Nf6 3.Nc3 g6 4.Be3 a6 5.f3 b5 6.Qd2 Bb7 7.O-O-O Nbd7 8.g4 Nb6
9.g5 Nfd7 10.h4 c5 11.dxc5 dxc5 12.h5 Bg7 13.h6 Be5 14.f4 Bc7 15.Nd5 Nxd5
16.exd5 Bd6 17.Ne2 Qc7 18.Nc3 Nb6 19.Ne4 Bxd5 20.Nxd6+ exd6 21.Rh3 O-O-O
22.f5 gxf5 23.Bf4 Rhe8 24.Ra3 Kb7 25.Qa5 Ra8 26.Rad3 Re4 27.Qd2 Qc6 28.Bg3 Nc4
29.Qc3 f4 30.Rxd5 fxg3 31.Bxc4 Rxc4 32.Qxg3 Rd8 33.Qd3 Ra4 34.Qxh7 Qc7 35.Kb1 Rg4
36.Qf5 Qd7 37.Qf3 Kb6 38.Rxd6+  1-0

[Event "FIDE World Rapid 2014"]
[Site "Dubai UAE"]
[Date "2014.06.18"]
[Round "11.8"]
[White "Jobava,Ba"]
[Black "Morozevich,A"]
[Result "0-1"]
[WhiteElo "2713"]
[BlackElo "2731"]

1.d4 Nf6 2.Nc3 e6 3.e4 d5 4.e5 Nfd7 5.Nf3 c5 6.Nb5 Nc6 7.c3 a6 8.Nd6+ Bxd6
9.exd6 cxd4 10.cxd4 Qb6 11.Bd3 Qb4+ 12.Bd2 Qxd6 13.O-O O-O 14.Re1 Nf6 15.Rc1 Ne4
16.Bxe4 dxe4 17.Rxe4 b5 18.Rg4 f5 19.Bf4 e5 20.Rxg7+ Kxg7 21.Nxe5 Qxd4 22.Bh6+ Kh8
23.Nxc6 Qxd1+ 24.Rxd1 Re8 25.Bd2 Bb7 26.Ne5 Kg8 27.Nd7 Kf7 28.Kf1 a5 29.a3 Bd5
30.Bc3 Bb3 31.Rd6 b4 32.Bd4 Bc4+  0-1

[Event "FIDE World Rapid 2014"]
[Site "Dubai UAE"]
[Date "2014.06.18"]
[Round "12.4"]
[White "Radjabov,T"]
[Black "Morozevich,A"]
[Result "1-0"]
[WhiteElo "2724"]
[BlackElo "2731"]

1.d4 d5 2.Nf3 Bf5 3.c4 e6 4.Nc3 Nf6 5.Bf4 Bd6 6.Bg3 O-O 7.e3 c6 8.Bd3 Bxd3
9.Qxd3 a5 10.e4 Nxe4 11.Nxe4 dxe4 12.Qxe4 Bb4+ 13.Ke2 a4 14.Rhd1 Nd7 15.Kf1 Qb6
16.Kg1 Be7 17.Qe2 Qa6 18.Rac1 Rfe8 19.Qc2 Bf6 20.h3 h6 21.Rd2 b5 22.c5 Be7
23.Rd3 Nf6 24.Ne5 Rad8 25.Qe2 Nd5 26.Re1 Bf6 27.Ng4 b4 28.Nxf6+ Nxf6 29.Be5 Nd5
30.Qg4 f6 31.Rg3 Qb7 32.Bf4 Kh8 33.Bd2 Qf7 34.Qe2 e5 35.dxe5 Rxe5 36.Qc4 Qe7
37.Rxe5 Qxe5 38.b3 a3 39.Kh2 Qb2 40.Qg4 f5 41.Qh4 Rd7 42.Bxh6 Kg8 43.Qh5 Qe5
44.Qg6 f4 45.Rg5 Qe7 46.Bxg7 Qxg5 47.Qxg5 Rxg7 48.Qf5 Nc3 49.Qc8+ Kh7 50.Qxc6 Nxa2
51.Qe4+ Kg8 52.c6 Kf8 53.Qxf4+ Rf7 54.Qb8+ Kg7 55.c7  1-0

[Event "FIDE World Rapid 2014"]
[Site "Dubai UAE"]
[Date "2014.06.18"]
[Round "13.8"]
[White "Morozevich,A"]
[Black "Moiseenko,A1"]
[Result "1-0"]
[WhiteElo "2731"]
[BlackElo "2707"]

1.e4 c5 2.b3 d6 3.Bb2 Nf6 4.Bb5+ Nc6 5.Bxc6+ bxc6 6.d3 g6 7.Ne2 Bg7 8.O-O O-O
9.h3 e5 10.Ng3 h5 11.Nd2 h4 12.Ne2 g5 13.Nc4 Be6 14.Ne3 Qd7 15.Qd2 Nh5 16.g4 Nf4
17.Kh2 Kh7 18.Nf5 Bxf5 19.gxf5 Bh6 20.Nxf4 gxf4 21.Qe2 Rg8 22.Rg1 Qe7 23.Qh5 Qf6
24.Bc3 Rxg1 25.Rxg1 Rg8 26.Rg4 Rxg4 27.hxg4 Kg7 28.f3 Bg5 29.Kh3 Qd8 30.Be1 d5
31.Bxh4 Bxh4 32.Qxh4 f6 33.Qh5 dxe4 34.dxe4 c4 35.g5 fxg5 36.Kg4 Qd1 37.Qg6+ Kf8
38.f6 Qd7+ 39.Kxg5 cxb3 40.cxb3 a5 41.Qg7+  1-0

[Event "FIDE World Rapid 2014"]
[Site "Dubai UAE"]
[Date "2014.06.18"]
[Round "14.6"]
[White "Morozevich,A"]
[Black "Yu Yangyi"]
[Result "1-0"]
[WhiteElo "2731"]
[BlackElo "2675"]

1.e4 c5 2.b3 b6 3.Bb2 Bb7 4.Nc3 d6 5.f4 e6 6.Nf3 Nd7 7.Qe2 Ngf6 8.O-O-O Be7
9.g4 d5 10.e5 Nxg4 11.Rg1 h5 12.f5 Nf8 13.Nb5 d4 14.Bg2 exf5 15.Nfxd4 Bxg2
16.Nxf5 Bc6 17.Nxg7+ Kd7 18.d4 c4 19.Nc3 Bh4 20.d5 Bb7 21.e6+ Kc8 22.d6 Qg5+
23.Kb1 Nxe6 24.Nxe6 fxe6 25.h3 Bf2 26.Rgf1 Ne3 27.Rxf2 Nxd1 28.Qxc4+ Qc5
29.Qxe6+ Kb8 30.Nxd1 Rd8 31.Qe7 Rc8 32.Be5 a5 33.d7+ Ka7 34.dxc8=N+ Qxc8
35.Bd4 Qc6 36.Rf6 Re8 37.Rxc6 Rxe7 38.Rxb6 Ka8 39.Rb5 Re1 40.Rxa5+ Kb8 41.Kc1 Bf3
42.Kd2 Rxd1+ 43.Ke3 Bg2 44.Rxh5 Rh1 45.a4 Bxh3 46.Kd2 Kb7 47.Rh6 Rh2+ 48.Kc3 Rh1
49.Kb4 Bg2 50.Rxh1 Bxh1 51.c4 Kc6 52.Kc3 Bf3 53.b4 Be2 54.b5+ Kc7 55.Kb4 Kb7
56.a5 Ka8 57.c5 Kb8 58.c6 Ka8 59.Kc5 Bg4 60.a6 Bc8 61.Kd6 Kb8 62.a7+ Ka8
63.Kc7  1-0

[Event "FIDE World Rapid 2014"]
[Site "Dubai UAE"]
[Date "2014.06.18"]
[Round "15.3"]
[White "Karjakin,Sergey"]
[Black "Morozevich,A"]
[Result "0-1"]
[WhiteElo "2771"]
[BlackElo "2731"]

1.e4 e6 2.d4 d5 3.Nc3 Nf6 4.e5 Nfd7 5.f4 c5 6.Nf3 Nc6 7.Be3 cxd4 8.Nxd4 Qb6
9.Qd2 Qxb2 10.Rb1 Qa3 11.Bb5 Nxd4 12.Bxd4 a6 13.Bxd7+ Bxd7 14.Rb3 Qe7 15.Rxb7 Rc8
16.O-O Qa3 17.Rb3 Qa5 18.Qe3 Bc5 19.Ne2 O-O 20.Bxc5 Rxc5 21.Nd4 Rc4 22.Rb7 Bc8
23.Rb2 Qc5 24.Rd1 Bd7 25.h3 h6 26.Kh2 Bb5 27.Rd2 Rc3 28.Qf2 Ba4 29.f5 exf5
30.Qxf5 Qc7 31.Rb4 Re8 32.Re2 Bd7 33.Qf4 f6 34.Nf3 Bb5 35.Re1 Rxc2 36.Qg3 fxe5
37.Nxe5 Rc3 38.Qf4 Rc4 39.Rxc4 dxc4 40.Qd4 Rd8 41.Qc3 Rd3 42.Qc2 Rd5 43.Qc3 Rd3
44.Qc2 Qd6 45.Kh1 Rd2 46.Qf5 Qf6 47.Qg4 Rxa2 48.Qd4 Rf2 49.Qd5+ Kh7 50.Kg1 c3
51.Nf3 Rb2 52.Rc1 Qg6 53.Ne5 Qb6+ 54.Kh2 Qe3 55.h4 Qf4+ 56.Kh3 Re2 57.Ng4 Qxc1
58.Nf6+ Kg6 59.Ng4 Qh1+ 60.Kg3 Qxg2+  0-1

[Event "FIDE World Blitz 2014"]
[Site "Dubai UAE"]
[Date "2014.06.19"]
[Round "2.11"]
[White "Volokitin,And"]
[Black "Morozevich,A"]
[Result "1-0"]
[WhiteElo "2638"]
[BlackElo "2731"]

1.e4 e6 2.d4 d5 3.e5 c5 4.c3 Nc6 5.Nf3 Bd7 6.Be2 Nge7 7.O-O Rc8 8.Na3 cxd4
9.cxd4 Nf5 10.Nc2 Qb6 11.g4 Nfe7 12.Bd2 h5 13.h3 Ng6 14.b4 hxg4 15.hxg4 Nh4
16.Nxh4 Rxh4 17.Bg5 Rh8 18.b5 Na5 19.Rb1 Nc4 20.Kg2 Qa5 21.a4 Qxa4 22.Ra1 Qxb5
23.Rxa7 Qb6 24.Qa1 Qb3 25.Ne3 Nd2 26.Rc1 Be7 27.Rxc8+ Bxc8 28.Ra8 Kd7 29.Bxe7 Kxe7
30.Qa5 Re8 31.Qc5+  1-0

[Event "FIDE World Blitz 2014"]
[Site "Dubai UAE"]
[Date "2014.06.19"]
[Round "3.24"]
[White "Morozevich,A"]
[Black "Gundavaa,B"]
[Result "1-0"]
[WhiteElo "2731"]
[BlackElo "2501"]

1.e4 c5 2.b3 d6 3.Bb2 Nf6 4.Nc3 a6 5.f4 Nc6 6.Nf3 Bg4 7.h3 Bxf3 8.Qxf3 Nd4
9.Qd3 e6 10.O-O-O Qc7 11.g4 Be7 12.g5 Nd7 13.h4 O-O-O 14.Ne2 e5 15.Nc3 Nb6
16.a4 Kb8 17.Qg3 Rhe8 18.Rh2 Bf8 19.Rf2 g6 20.fxe5 Rxe5 21.a5 Nc8 22.Bc4 Rd7
23.Rdf1 Qxa5 24.Rxf7 Rxf7 25.Rxf7 Be7 26.Qf2 b5 27.Bd5 b4 28.Na4 Qb5 29.Bxd4 cxd4
30.Qxd4 a5 31.Rxh7 Qa6 32.Qc4 Qxc4 33.bxc4 Kc7 34.d4  1-0

[Event "FIDE World Blitz 2014"]
[Site "Dubai UAE"]
[Date "2014.06.19"]
[Round "4.13"]
[White "Inarkiev,E"]
[Black "Morozevich,A"]
[Result "0-1"]
[WhiteElo "2682"]
[BlackElo "2731"]

1.Nf3 d5 2.g3 Nf6 3.Bg2 Nbd7 4.c4 c6 5.d4 dxc4 6.O-O b5 7.b3 cxb3 8.Qxb3 e6
9.a4 b4 10.a5 Ba6 11.Re1 Rc8 12.Nbd2 c5 13.dxc5 Bxc5 14.e4 Ng4 15.Bb2 Bxf2+
16.Kh1 Bxe1 17.Rxe1 Nf2+ 18.Kg1 Nd3 19.Bxg7 Rg8 20.Bb2 Nxe1 21.Nxe1 Qxa5
22.Nef3 Nc5 23.Qe3 Nd3 24.Bf6 e5 25.h4 Qc5 26.Qxc5 Rxc5 27.Bf1 Rxg3+ 28.Kh2 Rxf3
29.Nxf3 b3  0-1